[Event "Titled Tuesday intern op 01st Aug Late"]
[Site "Chess.com INT"]
[Date "2023.08.01"]
[Round "9"]
[White "Rodriguez Fontecha, Marcos"]
[Black "Ortega Amarelle, Mariano"]
[Result "1-0"]
[WhiteElo "2309"]
[BlackElo "2478"]
[PlyCount "71"]
[EventDate "2023.08.01"]
[EventType "swiss (blitz)"]
[EventRounds "11"]
[EventCountry "USA"]
[SourceTitle "EXT 2024"]
[Source "ChessBase"]
[SourceDate "2023.10.10"]
[SourceVersion "1"]
[SourceVersionDate "2023.10.10"]
[SourceQuality "1"]

1. e4 c5 2. Nc3 Nc6 3. Bb5 g6 4. Bxc6 bxc6 5. d3 d5 6. f4 Bg7 7. Nf3 Bxc3+ 8. bxc3 dxe4 9. Ne5 Nf6 10. 0-0 0-0 11. Be3 exd3 12. cxd3 Qd6 13. c4 Nd7 14. Nf3 Rd8 15. Qe2 Nf8 16. Ne5 Ne6 17. Qf2 Nd4 18. Rae1 f6 19. Bxd4 cxd4 20. c5 Qd5 21. Nc4 Qxc5 22. Rc1 Qd5 23. Rfe1 Be6 24. Qh4 Rd7 25. Re2 Bf7 26. Rce1 Re8 27. Qf2 c5 28. Nd2 Qxa2 29. Ne4 Qd5 30. Nxf6+ exf6 31. Rxe8+ Bxe8 32. Rxe8+ Kf7 33. Qe2 Rb7 34. Rh8 Re7 35. Rxh7+ Ke8 36. Qxe7# 1-0

[Event "Titled Tuesday intern op 27th Jun Late"]
[Site "Chess.com INT"]
[Date "2023.06.27"]
[Round "1"]
[White "Oliveira, Tiago Batista"]
[Black "Ortega Amarelle, Mariano"]
[Result "1-0"]
[WhiteElo "1991"]
[BlackElo "2478"]
[PlyCount "81"]
[EventDate "2023.06.27"]
[EventType "swiss (blitz)"]
[EventRounds "11"]
[EventCountry "USA"]
[SourceTitle "EXT 2024"]
[Source "ChessBase"]
[SourceDate "2023.10.10"]
[SourceVersion "1"]
[SourceVersionDate "2023.10.10"]
[SourceQuality "1"]

1. d4 c5 2. d5 e6 3. c4 exd5 4. cxd5 d6 5. Nc3 Nf6 6. g3 g6 7. Bg2 Bg7 8. Nf3 0-0 9. 0-0 a6 10. a4 Re8 11. Nd2 Nbd7 12. Nc4 Ne5 13. Nxe5 Rxe5 14. Bf4 Re7 15. e4 Ne8 16. Bg5 f6 17. Be3 b6 18. Qd2 Rb8 19. f4 b5 20. axb5 axb5 21. Rfc1 Nc7 22. Ra7 b4 23. Ne2 Nb5 24. Rxe7 Qxe7 25. Ra1 Qb7 26. h3 Ra8 27. Qc1 Ra6 28. g4 Qa7 29. Rxa6 Qxa6 30. Ng3 Nc7 31. Bf1 Qa5 32. Be2 Ba6 33. h4 Bxe2 34. Nxe2 f5 35. e5 Nxd5 36. exd6 Nxe3 37. Qxe3 Qa1+ 38. Kg2 Qxb2 39. d7 Kf7 40. Qe8+ Kf6 41. d8Q# 1-0

[Event "Titled Tuesday intern op 20th Jun Late"]
[Site "Chess.com INT"]
[Date "2023.06.20"]
[Round "7"]
[White "Adewumi, Tanitoluwa"]
[Black "Ortega Amarelle, Mariano"]
[Result "1-0"]
[WhiteElo "2283"]
[BlackElo "2478"]
[PlyCount "63"]
[EventDate "2023.06.20"]
[EventType "swiss (blitz)"]
[EventRounds "11"]
[EventCountry "USA"]
[SourceTitle "EXT 2024"]
[Source "ChessBase"]
[SourceDate "2023.10.10"]
[SourceVersion "1"]
[SourceVersionDate "2023.10.10"]
[SourceQuality "1"]

1. e4 e6 2. d4 d5 3. exd5 exd5 4. Nf3 Nc6 5. Nc3 Bg4 6. Bd3 Bb4 7. 0-0 Nge7 8. h3 Bh5 9. a3 Bxc3 10. bxc3 Qd7 11. a4 0-0 12. Bxh7+ Kxh7 13. Ng5+ Kg6 14. g4 Bxg4 15. hxg4 Rh8 16. Re1 Raf8 17. Qd3+ f5 18. Ne6 Rf6 19. Nf4+ Kh7 20. g5 Rff8 21. Ba3 g6 22. Re6 Rf7 23. Rae1 Kg7 24. Qe3 Re8 25. Qh3 Rh8 26. Qe3 Re8 27. Bxe7 Rfxe7 28. Rxg6+ Kf7 29. Rf6+ Kg8 30. Ne6 Nd8 31. Rg6+ Kf7 32. Rg7# 1-0

[Event "Titled Tuesday intern op 20th Jun Late"]
[Site "Chess.com INT"]
[Date "2023.06.20"]
[Round "11"]
[White "Kujawski, Adam"]
[Black "Ortega Amarelle, Mariano"]
[Result "0-1"]
[WhiteElo "2173"]
[BlackElo "2478"]
[PlyCount "74"]
[EventDate "2023.06.20"]
[EventType "swiss (blitz)"]
[EventRounds "11"]
[EventCountry "USA"]
[SourceTitle "EXT 2024"]
[Source "ChessBase"]
[SourceDate "2023.10.10"]
[SourceVersion "1"]
[SourceVersionDate "2023.10.10"]
[SourceQuality "1"]

1. e4 d5 2. exd5 Qxd5 3. Nc3 Qa5 4. d4 Nf6 5. Nf3 Bf5 6. Bd2 c6 7. Bc4 e6 8. Qe2 Qc7 9. 0-0-0 Be7 10. Ne5 Nbd7 11. f3 Nxe5 12. dxe5 Nd7 13. g4 Bg6 14. h4 h5 15. Bd3 Bxd3 16. Qxd3 0-0-0 17. f4 Nxe5 18. Qe3 Nc4 19. Qxa7 Nxd2 20. Rxd2 Rxd2 21. Qa8+ Qb8 22. Qxb8+ Kxb8 23. Kxd2 hxg4 24. h5 f5 25. Ne2 Bc5 26. Ke1 Kc7 27. c3 Be3 28. a3 Kd6 29. Kf1 Kd5 30. Kg2 Ke4 31. Re1 c5 32. b4 b6 33. a4 Rd8 34. a5 bxa5 35. bxa5 Rd2 36. a6 Ra2 37. Kf1 Kf3 0-1

[Event "Titled Tuesday intern op 20th Jun Late"]
[Site "Chess.com INT"]
[Date "2023.06.20"]
[Round "10"]
[White "Ortega Amarelle, Mariano"]
[Black "Haydon, David Leslie"]
[Result "0-1"]
[WhiteElo "2478"]
[BlackElo "2230"]
[PlyCount "68"]
[EventDate "2023.06.20"]
[EventType "swiss (blitz)"]
[EventRounds "11"]
[EventCountry "USA"]
[SourceTitle "EXT 2024"]
[Source "ChessBase"]
[SourceDate "2023.10.10"]
[SourceVersion "1"]
[SourceVersionDate "2023.10.10"]
[SourceQuality "1"]

1. Nf3 c6 2. b3 d5 3. Bb2 Bf5 4. g3 e6 5. Bg2 Nf6 6. 0-0 Bd6 7. d3 h6 8. Nbd2 Bh7 9. Re1 0-0 10. e4 dxe4 11. dxe4 Bc5 12. h3 Nh5 13. Kf1 Nd7 14. Nc4 Qe7 15. Nfd2 Qg5 16. h4 Qxg3 17. Ne3 Qxh4 18. Nf3 Qe7 19. a3 Bxe4 20. b4 Bb6 21. c4 Nf4 22. c5 Bc7 23. Bh1 Rfd8 24. Ng4 f5 25. Qd4 Ne5 26. Ngxe5 Rxd4 27. Bxd4 Bxe5 28. Bxe5 Nd3 29. Bc3 Nxe1 30. Rxe1 Rd8 31. Be5 Rd3 32. Re3 Rd1+ 33. Re1 Rxe1+ 34. Kxe1 Qf7 0-1

[Event "Titled Tuesday intern op 04th Apr Late"]
[Site "Chess.com INT"]
[Date "2023.04.04"]
[Round "4"]
[White "Ortega Amarelle, Mariano"]
[Black "Timmermans, Mark"]
[Result "0-1"]
[WhiteElo "2472"]
[BlackElo "2390"]
[PlyCount "104"]
[EventDate "2023.04.04"]
[EventType "swiss (blitz)"]
[EventRounds "11"]
[EventCountry "USA"]
[SourceTitle "EXT 2024"]
[Source "ChessBase"]
[SourceDate "2023.10.10"]
[SourceVersion "1"]
[SourceVersionDate "2023.10.10"]
[SourceQuality "1"]

1. e4 e5 2. Nf3 Nc6 3. Bb5 f5 4. d3 fxe4 5. dxe4 Nf6 6. Nc3 Bb4 7. Qd3 Bxc3+ 8. bxc3 d6 9. 0-0 0-0 10. Bxc6 bxc6 11. Qc4+ Kh8 12. Qxc6 Rb8 13. Nd2 Rb6 14. Qa4 Ba6 15. Re1 Ng4 16. Nf3 h6 17. Be3 Bb5 18. Qxa7 Ra6 19. Qb7 c6 20. a4 Nxe3 21. axb5 Rb6 22. Qa7 Nxc2 23. bxc6 Nxe1 24. Nxe1 Rxc6 25. Nd3 Rxc3 26. Nb4 Qh4 27. Rf1 Qxe4 28. Qe7 Rb8 29. Na6 Qb7 30. Qxd6 Ra8 31. Nc5 Qb5 32. Ne4 Rc2 33. g3 Qe2 34. Qd5 Rf8 35. Qd6 Kg8 36. Qe6+ Kh8 37. Qxe5 Rc4 38. f3 Qe3+ 39. Kg2 Rc2+ 40. Kh3 Qe2 41. Rf2 Qc4 42. Rxc2 Qxc2 43. Qe7 Qc8+ 44. Kg2 Qf5 45. Nd2 Rf7 46. Qe8+ Kh7 47. Qe4 g6 48. Qxf5 gxf5 49. h4 Re7 50. Nc4 Kg6 51. g4 fxg4 52. fxg4 Re4 0-1

[Event "Titled Tuesday intern op 04th Apr Late"]
[Site "Chess.com INT"]
[Date "2023.04.04"]
[Round "5"]
[White "Weisz, Bryan"]
[Black "Ortega Amarelle, Mariano"]
[Result "0-1"]
[WhiteElo "1973"]
[BlackElo "2472"]
[PlyCount "122"]
[EventDate "2023.04.04"]
[EventType "swiss (blitz)"]
[EventRounds "11"]
[EventCountry "USA"]
[SourceTitle "EXT 2024"]
[Source "ChessBase"]
[SourceDate "2023.10.10"]
[SourceVersion "1"]
[SourceVersionDate "2023.10.10"]
[SourceQuality "1"]

1. e4 e6 2. Nc3 d5 3. d4 Bb4 4. Nge2 dxe4 5. a3 Be7 6. Nxe4 Nd7 7. N2g3 Ngf6 8. Bd3 b6 9. Qf3 Rb8 10. Nh5 Nxh5 11. Qxh5 Nf6 12. Nxf6+ Bxf6 13. c3 c5 14. Bb5+ Bd7 15. Bxd7+ Qxd7 16. dxc5 g6 17. Qf3 Be5 18. cxb6 Rxb6 19. 0-0 0-0 20. b4 Qc7 21. g3 Qxc3 22. Qxc3 Bxc3 23. Be3 Bxa1 24. Bxb6 axb6 25. Rxa1 b5 26. Rc1 Ra8 27. Rc3 Kf8 28. Kg2 Ke7 29. Kf3 Kd6 30. Ke4 f5+ 31. Ke3 e5 32. f3 g5 33. Rd3+ Ke6 34. Rc3 Ra6 35. Rd3 Rc6 36. h3 f4+ 37. gxf4 gxf4+ 38. Ke2 Rc2+ 39. Rd2 Rxd2+ 40. Kxd2 Kd5 41. Kc3 e4 42. fxe4+ Kxe4 43. Kd2 Kd4 44. h4 Kc4 45. Ke2 Kb3 46. Kf3 Kxa3 47. Kxf4 Kxb4 48. Kg5 Kc5 49. Kh6 b4 50. Kxh7 b3 51. Kg7 b2 52. h5 b1Q 53. h6 Qg1+ 54. Kh8 Qd4+ 55. Kg8 Qg4+ 56. Kh8 Qc8+ 57. Kg7 Qd7+ 58. Kg8 Qe8+ 59. Kg7 Qe7+ 60. Kg8 Qg5+ 61. Kh7 Kd6 0-1

[Event "Africa zt 4.2 op"]
[Site "Dimbokro"]
[Date "2023.03.31"]
[Round "9"]
[White "Ortega Amarelle, Mariano"]
[Black "James, Tondo"]
[Result "1-0"]
[WhiteElo "2472"]
[BlackElo "1867"]
[PlyCount "89"]
[EventDate "2023.03.25"]
[EventType "swiss"]
[EventRounds "9"]
[EventCountry "IVO"]
[SourceTitle "CBM 213 Extra"]
[Source "ChessBase"]
[SourceDate "2023.05.31"]
[SourceVersion "1"]
[SourceVersionDate "2023.05.31"]
[SourceQuality "1"]

1. d4 Nf6 2. c4 g6 3. Nc3 Bg7 4. e4 d6 5. Nf3 Bg4 6. Be2 Nc6 7. d5 Nb8 8. 0-0 Nbd7 9. Be3 b6 10. Nd4 Bxe2 11. Qxe2 0-0 12. Nc6 Qe8 13. Nb5 Rc8 14. Nbxa7 Ra8 15. Nb5 Rc8 16. Nca7 Nxe4 17. Nxc8 Qxc8 18. Bd4 Nef6 19. Rfe1 c5 20. dxc6 Qxc6 21. Qxe7 Qxc4 22. Qe2 Qd5 23. Bxf6 Nxf6 24. Red1 Qg5 25. Nxd6 Nh5 26. Ne4 Qe5 27. Ng3 Qxe2 28. Nxe2 Bxb2 29. Rab1 Ba3 30. Rxb6 Re8 31. Kf1 Kg7 32. Rd3 Bc5 33. Rb5 Bf8 34. a4 Re4 35. Rd4 Re7 36. a5 Ra7 37. Ra4 Bd6 38. a6 Nf6 39. Nd4 Ne8 40. Nc6 Ra8 41. a7 Nc7 42. Rb8 Kf6 43. Rxa8 Nxa8 44. Re4 h5 45. Re8 1-0

[Event "Africa zt 4.2 op"]
[Site "Dimbokro"]
[Date "2023.03.26"]
[Round "3"]
[White "Ortega Amarelle, Mariano"]
[Black "Manan, Yoboue Hermann"]
[Result "1-0"]
[WhiteElo "2472"]
[BlackElo "2015"]
[PlyCount "160"]
[EventDate "2023.03.25"]
[EventType "swiss"]
[EventRounds "9"]
[EventCountry "IVO"]
[SourceTitle "CBM 213 Extra"]
[Source "ChessBase"]
[SourceDate "2023.05.31"]
[SourceVersion "1"]
[SourceVersionDate "2023.05.31"]
[SourceQuality "1"]

1. d4 Nf6 2. c4 e6 3. Nf3 b6 4. g3 Ba6 5. Qa4 c5 6. dxc5 Bxc5 7. Bg2 Bb7 8. 0-0 0-0 9. Nc3 h6 10. Rd1 Ng4 11. Rf1 Qc8 12. Bf4 Nc6 13. h3 Nf6 14. Rad1 Re8 15. Be5 Be7 16. Rc1 Nxe5 17. Nxe5 Bxg2 18. Kxg2 Qc7 19. Nf3 Qb7 20. Rfd1 Red8 21. Qb3 Rac8 22. Rc2 Rc5 23. Na4 Rc7 24. Nc3 Rdc8 25. Nb5 Rc5 26. Rdc1 a6 27. Nbd4 Ne4 28. Qd3 Bg5 29. Rd1 d5 30. cxd5 Qxd5 31. Rxc5 Nxc5 32. Qb1 Rd8 33. b4 Na4 34. Rd3 Qb7 35. Nb3 Rc8 36. a3 Bf6 37. Rd6 Nc3 38. Qe1 e5 39. Kh2 Nb5 40. Rd2 Nxa3 41. Qd1 Nb5 42. Qb1 g6 43. Ne1 Nc3 44. Qd3 e4 45. Qd7 Rc7 46. Qg4 Kg7 47. e3 Nb5 48. Ng2 h5 49. Qd1 Be5 50. Nd4 Nd6 51. Ne2 Nc4 52. Rd8 Bf6 53. Rd5 Nb2 54. Qb3 b5 55. Ngf4 Nc4 56. Qd1 Ne5 57. Kg2 Rc4 58. Rd6 Be7 59. Rd5 Nc6 60. Rd7 Qc8 61. Qd5 Qe8 62. Nd4 Nxd4 63. Qe5+ Kh7 64. Rxe7 Nc6 65. Rxe8 Nxe5 66. Rxe5 Rxb4 67. Nd5 Rc4 68. Rxe4 Rxe4 69. Nf6+ Kg7 70. Nxe4 a5 71. Kf3 a4 72. Nc3 a3 73. Na2 Kf6 74. Ke4 g5 75. g4 hxg4 76. hxg4 Ke6 77. f4 gxf4 78. exf4 f6 79. Nb4 Kd6 80. Kd4 Ke6 1-0

[Event "Africa zt 4.2 op"]
[Site "Dimbokro"]
[Date "2023.03.25"]
[Round "1"]
[White "Ortega Amarelle, Mariano"]
[Black "Debblay, David Leroy"]
[Result "1-0"]
[WhiteElo "2472"]
[BlackElo "1823"]
[PlyCount "83"]
[EventDate "2023.03.25"]
[EventType "swiss"]
[EventRounds "9"]
[EventCountry "IVO"]
[SourceTitle "CBM 213 Extra"]
[Source "ChessBase"]
[SourceDate "2023.05.31"]
[SourceVersion "1"]
[SourceVersionDate "2023.05.31"]
[SourceQuality "1"]

1. c4 g6 2. d4 Bg7 3. e4 d6 4. Nc3 Nf6 5. Be2 a6 6. Be3 Nc6 7. Nf3 Bg4 8. d5 Bxf3 9. Bxf3 Ne5 10. Be2 c6 11. f4 Ned7 12. dxc6 bxc6 13. 0-0 0-0 14. Qc2 Qc7 15. Rad1 e6 16. Rd2 d5 17. e5 Ne8 18. Na4 Qd8 19. cxd5 cxd5 20. Rc1 f6 21. Qc6 Kh8 22. Nb6 Nxb6 23. Bxb6 Qb8 24. Bc5 Rg8 25. Qxe6 fxe5 26. fxe5 Qxe5 27. Qxe5 Bxe5 28. Bd4 Bxd4+ 29. Rxd4 Nf6 30. Rc6 Rgf8 31. Bxa6 Rae8 32. Rd1 Ng4 33. a4 Rf2 34. Rc8 Rxc8 35. Bxc8 Rxg2+ 36. Kxg2 Ne3+ 37. Kf3 Nxd1 38. b4 Nc3 39. a5 d4 40. a6 d3 41. Ke3 Nd5+ 42. Kd2 1-0

[Event "Titled Tuesday intern op 07th Feb Early"]
[Site "Chess.com INT"]
[Date "2023.02.07"]
[Round "7"]
[White "Forgacs, Attila Jr"]
[Black "Ortega Amarelle, Mariano"]
[Result "1/2-1/2"]
[WhiteElo "2219"]
[BlackElo "2472"]
[PlyCount "188"]
[EventDate "2023.02.07"]
[EventType "swiss (blitz)"]
[EventRounds "11"]
[EventCountry "USA"]
[SourceTitle "EXT 2024"]
[Source "ChessBase"]
[SourceDate "2023.10.10"]
[SourceVersion "1"]
[SourceVersionDate "2023.10.10"]
[SourceQuality "1"]

1. e4 e6 2. d4 d5 3. Nc3 Bb4 4. e5 c5 5. a3 Bxc3+ 6. bxc3 Qa5 7. Bd2 Qa4 8. Qg4 Kf8 9. Nf3 b6 10. c4 dxc4 11. dxc5 bxc5 12. Bxc4 Ba6 13. Bxa6 Qxg4 14. Bb7 Nc6 15. Bxa8 Nge7 16. 0-0 h6 17. Rab1 Kg8 18. Bxc6 Nxc6 19. Rb7 Qf5 20. Rfb1 Kh7 21. Rc7 Nd4 22. Nxd4 cxd4 23. Rbb7 Rf8 24. Rxa7 Qxe5 25. Bb4 d3 26. h3 d2 27. Bxd2 Rd8 28. Rd7 Rxd7 29. Rxd7 Qa1+ 30. Kh2 Qxa3 31. Rxf7 Kg6 32. Rf3 Qd6+ 33. Bf4 Qc5 34. c3 e5 35. Be3 Qd6 36. Rg3+ Kf7 37. Rf3+ Ke6 38. Rg3 g5 39. h4 e4 40. hxg5 hxg5 41. Bxg5 Qd1 42. Be3 Qh5+ 43. Rh3 Qd1 44. Bd4 Kd5 45. Rg3 Kc4 46. Rh3 Qe2 47. Rg3 Qf1 48. Rh3 Kb3 49. Rg3 Kc2 50. Rh3 Kd2 51. Rg3 Qc4 52. Rh3 Qc7+ 53. Rg3 Ke2 54. Kg1 Qb7 55. Re3+ Kd2 56. Rg3 Qb1+ 57. Kh2 Qb8 58. Kg1 Qb1+ 59. Kh2 Ke2 60. Re3+ Kf1 61. Rg3 Qb8 62. Kh3 Qh8+ 63. Kg4 Qh7 64. Kf4 Qe7 65. Rg5 Qf7+ 66. Ke5 Qc4 67. Rg7 e3 68. fxe3 Ke2 69. Kf4 Kd3 70. g4 Qe6 71. g5 Qe4+ 72. Kg3 Ke2 73. Rf7 Qg6 74. Rf4 Qxg5+ 75. Rg4 Qe7 76. Rf4 Qd6 77. Kg4 Qc6 78. Kf5 Qg2 79. c4 Qh3+ 80. Ke5 Qd7 81. c5 Qc6 82. Rf6 Qc7+ 83. Kd5 Kd3 84. c6 Qd8+ 85. Rd6 Qg8+ 86. Kc5 Qc4+ 87. Kb6 Qb3+ 88. Kc7 Kc4 89. Kd7 Qb5 90. Kd8 Qg5+ 91. Kd7 Qf5+ 92. Kd8 Qg5+ 93. Kd7 Qf5+ 94. Kd8 Qg5+ 1/2-1/2

[Event "Titled Tuesday intern op 07th Feb Late"]
[Site "Chess.com INT"]
[Date "2023.02.07"]
[Round "1"]
[White "Michalski, Olaf"]
[Black "Ortega Amarelle, Mariano"]
[Result "0-1"]
[WhiteElo "2273"]
[BlackElo "2472"]
[PlyCount "72"]
[EventDate "2023.02.07"]
[EventType "swiss (blitz)"]
[EventRounds "11"]
[EventCountry "USA"]
[SourceTitle "EXT 2024"]
[Source "ChessBase"]
[SourceDate "2023.10.10"]
[SourceVersion "1"]
[SourceVersionDate "2023.10.10"]
[SourceQuality "1"]

1. d4 d5 2. c4 e6 3. Nc3 Nf6 4. Bg5 Be7 5. e3 0-0 6. Rc1 h6 7. Bh4 b6 8. Bxf6 Bxf6 9. cxd5 exd5 10. Nge2 c6 11. Nf4 Be7 12. g3 Bd6 13. Bg2 Ba6 14. Nfe2 Nd7 15. 0-0 Nf6 16. Qa4 Bb7 17. b4 b5 18. Qb3 a5 19. a3 axb4 20. axb4 Qe7 21. Rb1 Ra7 22. Nf4 Rfa8 23. Nd3 Ra3 24. Qb2 Bc8 25. Nc5 Bf5 26. Ra1 Qa7 27. Rxa3 Qxa3 28. Qxa3 Rxa3 29. Rc1 Bxc5 30. dxc5 Rb3 31. Ne2 Rxb4 32. Nd4 Bd7 33. Ra1 Rc4 34. h3 Rxc5 35. Ra7 Rc1+ 36. Kh2 c5 0-1

[Event "Titled Tuesday intern op 07th Feb Late"]
[Site "Chess.com INT"]
[Date "2023.02.07"]
[Round "6"]
[White "Ortega Amarelle, Mariano"]
[Black "Kalajzic, Ivan"]
[Result "0-1"]
[WhiteElo "2472"]
[BlackElo "2062"]
[PlyCount "86"]
[EventDate "2023.02.07"]
[EventType "swiss (blitz)"]
[EventRounds "11"]
[EventCountry "USA"]
[SourceTitle "EXT 2024"]
[Source "ChessBase"]
[SourceDate "2023.10.10"]
[SourceVersion "1"]
[SourceVersionDate "2023.10.10"]
[SourceQuality "1"]

1. e4 Nc6 2. Nf3 d6 3. d4 Bg4 4. Be2 e5 5. dxe5 dxe5 6. Nbd2 Bc5 7. c3 Nf6 8. b4 Bb6 9. b5 Bxf3 10. Bxf3 Ne7 11. Qc2 Ng6 12. 0-0 0-0 13. Ba3 Re8 14. Rad1 Qc8 15. c4 Bd4 16. Nb3 Nh4 17. Be2 c5 18. bxc6 Qxc6 19. Nxd4 exd4 20. f3 Rad8 21. Bd3 Ng6 22. Rfe1 Nf4 23. Bf1 g5 24. g3 Ng6 25. c5 Ne5 26. Bg2 g4 27. f4 Nf3+ 28. Bxf3 gxf3 29. e5 Ng4 30. Rf1 f2+ 31. Rxf2 Nxf2 32. Qxf2 d3 33. Rd2 Qe4 34. Bb2 b6 35. cxb6 axb6 36. f5 Rc8 37. e6 Rc2 38. exf7+ Kxf7 39. g4 Rxd2 40. Qxd2 Qxg4+ 41. Kf1 Qxf5+ 42. Kg1 Re2 43. Qc3 Qf2+ 0-1

[Event "Titled Tuesday intern op 07th Feb Early"]
[Site "Chess.com INT"]
[Date "2023.02.07"]
[Round "5"]
[White "Ortega Amarelle, Mariano"]
[Black "Matveeva, Olga"]
[Result "1-0"]
[WhiteElo "2472"]
[BlackElo "2111"]
[PlyCount "75"]
[EventDate "2023.02.07"]
[EventType "swiss (blitz)"]
[EventRounds "11"]
[EventCountry "USA"]
[SourceTitle "EXT 2024"]
[Source "ChessBase"]
[SourceDate "2023.10.10"]
[SourceVersion "1"]
[SourceVersionDate "2023.10.10"]
[SourceQuality "1"]

1. e4 e6 2. d4 d5 3. e5 c5 4. c3 Nc6 5. Nf3 Qb6 6. Bd3 cxd4 7. cxd4 Bd7 8. Be2 Nge7 9. Na3 Nf5 10. Nc2 Be7 11. 0-0 0-0 12. Rb1 f6 13. Bd3 fxe5 14. dxe5 Rac8 15. b4 Be8 16. b5 Na5 17. Nfd4 Bg6 18. Nxf5 Bxf5 19. Be3 Qd8 20. Nd4 Bxd3 21. Qxd3 Qd7 22. f4 Nc4 23. f5 Nxe3 24. fxe6 Qc7 25. Qxe3 Bc5 26. Kh1 Qb6 27. Rxf8+ Rxf8 28. e7 Bxe7 29. Qd3 Bc5 30. Nf3 Rd8 31. h3 h6 32. Qf5 d4 33. e6 Qd6 34. Rd1 b6 35. Qf7+ Kh8 36. Nh4 d3 37. e7 Rg8 38. e8Q 1-0

[Event "Titled Tuesday intern op 07th Feb Early"]
[Site "Chess.com INT"]
[Date "2023.02.07"]
[Round "6"]
[White "Ortega Amarelle, Mariano"]
[Black "Micic, Aleksa"]
[Result "1-0"]
[WhiteElo "2472"]
[BlackElo "2273"]
[PlyCount "75"]
[EventDate "2023.02.07"]
[EventType "swiss (blitz)"]
[EventRounds "11"]
[EventCountry "USA"]
[SourceTitle "EXT 2024"]
[Source "ChessBase"]
[SourceDate "2023.10.10"]
[SourceVersion "1"]
[SourceVersionDate "2023.10.10"]
[SourceQuality "1"]

1. e4 c5 2. Nf3 d6 3. d4 cxd4 4. Nxd4 Nf6 5. Nc3 a6 6. f4 e5 7. Nf3 Nc6 8. a4 Be7 9. Bc4 0-0 10. 0-0 Bg4 11. Qe1 Rc8 12. fxe5 dxe5 13. Be3 Bxf3 14. gxf3 Nd4 15. Bd3 b5 16. axb5 axb5 17. Qf2 b4 18. Bxd4 bxc3 19. Bb6 Qxb6 20. Qxb6 Bc5+ 21. Qxc5 Rxc5 22. b4 Rc7 23. Ra5 Rb8 24. Rb1 Rcb7 25. Rc5 h6 26. b5 Nh5 27. Rxc3 Nf4 28. Bf1 Ne6 29. Ra3 Nd4 30. c4 Rc8 31. Kf2 f5 32. exf5 Nxf5 33. Re1 Nd6 34. Ra4 Rc5 35. Rd1 Rb6 36. Ra6 Nxc4 37. Bxc4+ Rxc4 38. Rxb6 1-0

[Event "Titled Tuesday intern op 31st Jan Late"]
[Site "Chess.com INT"]
[Date "2023.01.31"]
[Round "6"]
[White "Ortega Amarelle, Mariano"]
[Black "Mekhitarian, Krikor Sevag"]
[Result "0-1"]
[WhiteElo "2472"]
[BlackElo "2551"]
[PlyCount "80"]
[EventDate "2023.01.31"]
[EventType "swiss (blitz)"]
[EventRounds "11"]
[EventCountry "USA"]
[SourceTitle "CBM 212 Extra"]
[Source "ChessBase"]
[SourceDate "2023.03.31"]
[SourceVersion "1"]
[SourceVersionDate "2023.03.31"]
[SourceQuality "1"]

1. e4 c5 2. Nf3 e6 3. d4 cxd4 4. Nxd4 Nf6 5. Nc3 Nc6 6. Ndb5 Bb4 7. a3 Bxc3+ 8. Nxc3 d5 9. Bd3 dxe4 10. Nxe4 Nxe4 11. Bxe4 Qxd1+ 12. Kxd1 Bd7 13. Be3 f5 14. Bf3 e5 15. Bd5 0-0-0 16. Kc1 Ne7 17. Bc4 b6 18. f4 Ng6 19. Ba6+ Kc7 20. fxe5 Bc6 21. Rg1 f4 22. Bd2 Rhe8 23. Bd3 Rxd3 24. cxd3 Kd7 25. d4 Ke6 26. Rf1 Bxg2 27. Rf2 f3 28. Be3 Nh4 29. Kd2 Rc8 30. Rc1 Rxc1 31. Kxc1 Nf5 32. Kd2 Kd5 33. Kd3 h6 34. b4 g5 35. e6 Kxe6 36. Ke4 Nd6+ 37. Kd3 Kd5 38. Rc2 Bf1+ 39. Kc3 Be2 40. Kb2 Ne4 0-1

[Event "Titled Tuesday intern op 31st Jan Late"]
[Site "Chess.com INT"]
[Date "2023.01.31"]
[Round "9"]
[White "Ortega Amarelle, Mariano"]
[Black "Perske, Thore"]
[Result "0-1"]
[WhiteElo "2472"]
[BlackElo "2434"]
[PlyCount "90"]
[EventDate "2023.01.31"]
[EventType "swiss (blitz)"]
[EventRounds "11"]
[EventCountry "USA"]
[SourceTitle "CBM 212 Extra"]
[Source "ChessBase"]
[SourceDate "2023.03.31"]
[SourceVersion "1"]
[SourceVersionDate "2023.03.31"]
[SourceQuality "1"]

1. e4 e6 2. d4 d5 3. e5 c5 4. c3 Qb6 5. Nf3 Bd7 6. Bd3 Bb5 7. dxc5 Bxc5 8. b4 Bf8 9. Be3 Qa6 10. Bxb5+ Qxb5 11. a4 Qd7 12. 0-0 Ne7 13. Nbd2 Nf5 14. Bd4 Nc6 15. Nb3 Be7 16. b5 Ncxd4 17. Nbxd4 Nxd4 18. cxd4 0-0 19. Qd3 Rac8 20. Rfc1 Rxc1+ 21. Rxc1 Rc8 22. Rxc8+ Qxc8 23. h4 Qc1+ 24. Kh2 h5 25. g3 g6 26. Kg2 Kf8 27. Qd2 Qc4 28. Qd1 Kg7 29. Ne1 Bb4 30. Nc2 Bc3 31. g4 hxg4 32. Qxg4 Qxa4 33. h5 Qxc2 34. h6+ Kh7 35. Qg5 Qf5 36. Qe7 Bxd4 37. Qf8 Qxf2+ 38. Kh3 Qf3+ 39. Kh2 Bxe5+ 40. Kg1 d4 41. Qe8 d3 42. Qd7 Kxh6 43. Qd8 Kg7 44. Qd7 Bf6 45. b6 axb6 0-1

[Event "Olympiad-44"]
[Site "Chennai"]
[Date "2022.07.31"]
[Round "3.1"]
[White "Ortega Amarelle, Mariano"]
[Black "Munoz Santana, Jose Lisandro"]
[Result "1/2-1/2"]
[WhiteElo "2463"]
[BlackElo "2423"]
[PlyCount "44"]
[EventDate "2022.07.29"]
[EventType "team-swiss"]
[EventRounds "11"]
[EventCountry "IND"]
[SourceTitle "CBM 210"]
[Source "ChessBase"]
[SourceDate "2022.10.31"]
[SourceVersion "1"]
[SourceVersionDate "2022.10.31"]
[SourceQuality "1"]
[WhiteTeam "Kap Verde"]
[BlackTeam "Dominican Republic"]
[WhiteTeamCountry "KAP"]
[BlackTeamCountry "DOM"]

1. d4 d5 2. c4 c6 3. Nf3 Nf6 4. Nc3 dxc4 5. a4 e6 6. e3 c5 7. Bxc4 Nc6 8. 0-0 cxd4 9. exd4 Be7 10. Qe2 0-0 11. Rd1 Nb4 12. Ne5 Nfd5 13. Bd2 Bd7 14. Qg4 Nf6 15. Qg3 Bc6 16. Bh6 Ne8 17. Rac1 Rc8 18. Bf4 Nf6 19. Bh6 Ne8 20. Bf4 Nf6 21. Bh6 Ne8 22. Bf4 Nf6 1/2-1/2